Normal view
MARC view
Entry Personal Name
001 - CONTROL NUMBER
- control field: 3154
003 - CONTROL NUMBER IDENTIFIER
- control field: OSt
005 - DATE AND TIME OF LATEST TRANSACTION
- control field: 20240826115531.0
008 - FIXED-LENGTH DATA ELEMENTS
- fixed length control field: 240826|| aca||aabn | a|a d
040 ## - CATALOGING SOURCE
- Original cataloging agency: OSt
- Transcribing agency: OSt
100 ## - HEADING--PERSONAL NAME
- Personal name: Habif, Thomas P
670 ## - SOURCE DATA FOUND
- Source citation: Work cat.: (OSt)0: Habif, Thomas P., Clinical dermatology: a color guide to diagnosis and therapy /, [2016].
